Flourine chemistry

Salvato in:
Dettagli Bibliografici
Autore principale: Simons, J. H.
Natura: Libro
Lingua:Undetermined
Pubblicazione: New York Academic Press 1965
Soggetti:
Tags: Aggiungi Tag
Nessun Tag, puoi essere il primo ad aggiungerne! !
Thư viện lưu trữ: Trung tâm Học liệu Trường Đại học Cần Thơ
LEADER 00449nam a2200181Ia 4500
001 CTU_126249
008 210402s9999 xx 000 0 und d
082 |a 546.7 
082 |b S611 
100 |a Simons, J. H. 
245 0 |a Flourine chemistry 
245 0 |c J. H. Simons 
260 |a New York 
260 |b Academic Press 
260 |c 1965 
650 |a Fluorine 
904 |i Nguyên 
980 |a Trung tâm Học liệu Trường Đại học Cần Thơ